Škôlku na Luniku IX zväčšujú šancu dostanú aj Mašličkovania

Podrobná bibliografia
Médium: Článok
Jazyk:slovenčina
Fyzický popis:Fotogr.
ISSN:2585-7355
Predmet:
On-line prístup:https://kosice.korzar.sme.sk/c/20635805/skolku-na-luniku-ix-zvacsuju.html

MARC

LEADER 00000nab a2200000 a 4500
001 vtls011708966
003 SK-MaSNL
005 20260305043945.0
008 170830c20170828xo drz 0 0slo
038 |a KEVKJB 
040 |a KEVKJB  |b slo  |c KEVKJB  |e AACR2 
041 0 |a slo 
044 |a xo  |c SK 
080 |a 323.15(=214.58)  |2 2011 
245 0 0 |a Škôlku na Luniku IX zväčšujú  |b šancu dostanú aj Mašličkovania  |c [autor] (kag) 
300 |b Fotogr. 
650 0 7 |a rómske deti  |2 kevkjb  |9 31049 
650 0 7 |a materské školy  |2 kevkjb  |9 1278 
651 7 |a Košice (Slovensko)  |2 kevkjb  |9 18694 
651 7 |a Luník IX (Košice II, Slovensko)  |2 kevkjb  |9 29376 
773 0 |t Korzár  |g Roč. XX., č. 200 (28.8.2017), s. 4  |x 2585-7355 
852 |a KEVKJB  |b KIS3GCP 
856 4 1 |u https://kosice.korzar.sme.sk/c/20635805/skolku-na-luniku-ix-zvacsuju.html 
958 |a RQ 
999 |c 3355891  |d 3357821